| 000 | 00949cam a2200265 a 4500 | ||
|---|---|---|---|
| 001 | 1684193 | ||
| 003 | ARRUPE | ||
| 005 | 20150907141208.0 | ||
| 008 | 990105r19991958nyu 000 0 eng | ||
| 010 | _a 99010404 | ||
| 020 | _a1573926949 (pbk. : alk. paper) | ||
| 040 |
_aDLC _cDLC _dDLC |
||
| 050 | 0 | 0 |
_aQC6 _b.H34 1999 |
| 082 | 0 | 0 |
_a530.1 _221 |
| 100 | 1 |
_aHeisenberg, Werner, _d1901-1976. _913868 |
|
| 245 | 1 | 0 |
_aPhysics and philosophy : _bthe revolution in modern science / _cWerner Heisenberg ; |
| 260 |
_aNew York _bHarper Perennial, _c1962. |
||
| 300 |
_a200 p. ; _c20 cm. |
||
| 440 | 0 |
_aGreat minds series _919384 |
|
| 650 | 0 |
_aPhysics _xPhilosophy. _919385 |
|
| 650 | 0 |
_aQuantum theory. _919386 |
|
| 906 |
_a7 _bcbc _corignew _d1 _eocip _f19 _gy-gencatlg |
||
| 942 |
_2lcc _cMONOGRAPH |
||
| 999 |
_c123259 _d123259 |
||